000 00531nam a22001817a 4500
999 _c168896
_d168896
005 20191030174248.0
010 _aENG-126753
020 _a9789352669899
_c500.00
035 _aEN-110285
037 _bDBAD/PUB
082 _aS
100 _aTondon, Priya
245 _aSunrays and saturday /
_cby Priya [and] Sanjay Tondon
260 _aNew Delhi
_bPrabhat Prakashan
_c2018
270 _a4/19, Asaf Ali Road
_bNew Delhi
_e110002
_mprabhatbooks@gmail.com
_k011-23289777
300 _a216p.
_c22cm(Hb)
942 _2ddc
_cEN
_hS
_mTAN